Psychology testing at work

Bibliographic Details
Main Author: Hoffman, Edward
Format: Book
Published: McGraw-Hill Publishing Company

MARC

LEADER 00000cam a2200000 7i4500
001 0000010109
005 20050420.0
020 |a 0071360794 
040 |a INS 
090 0 0 |a HF5549.5.E5   |b H625 2001 
100 1 |a Hoffman, Edward 
245 1 0 |a Psychology testing at work   |c Edward Hoffman 
260 |a McGraw-Hill Publishing Company 
300 |a 224pp ;   |c 229x152mm. 
999 |a 0000009265   |b BOOK   |c Open Shelf   |e Default branch